Statistiques concernant Blue lock : Meilleure équipe possible de la tour 5

Cliquez ici pour prendre le quiz!

Statistiques générales

  • Ce quiz a été pris 39 fois
  • Le résultat moyen est 10 sur 17

Statistiques - réponses

HintRéponse% Correct
Milieu offensif centralIsagi
97%
Ailier gaucheNagi
87%
Ailier droitBachira
81%
ButeurBaro
81%
Lateral droitChigiri
81%
Milieu droitKunigami
81%
Milieu gaucheReo
77%
DCNiko
74%
GardienGagamaru
71%
Lateral gaucheZantetsu
65%
DCRaichi
55%
Ailier, milieuKuon
48%
DCIgaguri
32%
DC, milieuNaruhaya
32%
ButeurOkawa
29%
Ailier, milieuJunichi wanima
23%
Ailier, milieuKeisuke Wanima
16%

Distribution des résultats

Percentile par nombre de réponses

% des personnes avec chaque résultat

Votre développement - résultats

Vous n’avez pas pris ce quiz